[Event "San Francisco TNM Spring op"]
[Site "San Francisco"]
[Date "2017.04.04"]
[Round "4"]
[White "Jensen, Christian Patrick"]
[Black "Adams, Sophie"]
[Result "1-0"]
[WhiteElo "1853"]
[BlackElo "1319"]
[PlyCount "55"]
[EventDate "2017.03.14"]
[EventType "swiss"]
[EventRounds "8"]
[EventCountry "USA"]
[SourceTitle "EXT 2023"]
[Source "ChessBase"]
[SourceDate "2022.10.05"]
[SourceVersion "1"]
[SourceVersionDate "2022.10.05"]
[SourceQuality "1"]

1. c4 e5 2. g3 Nc6 3. Bg2 Nf6 4. Nc3 Bb4 5. e3 0-0 6. Nge2 Re8 7. 0-0 d6 8. h3 Be6 9. Nd5 Ba5 10. e4 Bxd5 11. cxd5 Ne7 12. d4 h6 13. dxe5 dxe5 14. Be3 Bb6 15. Qb3 Qd6 16. Rfd1 Bxe3 17. Qxe3 a6 18. Rac1 Rac8 19. Rd3 Red8 20. Rdc3 Qb6 21. Qxb6 cxb6 22. f4 Rxc3 23. Rxc3 Rc8 24. fxe5 Rxc3 25. exf6 Rc8 26. fxe7 f6 27. d6 Kf7 28. e5 1-0

[Event "San Francisco TNM Fall op"]
[Site "San Francisco"]
[Date "2016.11.15"]
[Round "5"]
[White "Drane, Robert W"]
[Black "Adams, Sophie"]
[Result "1-0"]
[WhiteElo "1953"]
[BlackElo "1224"]
[PlyCount "61"]
[EventDate "2016.10.18"]
[EventType "swiss"]
[EventRounds "9"]
[EventCountry "USA"]
[SourceTitle "EXT 2018"]
[Source "ChessBase"]
[SourceDate "2017.10.13"]
[SourceVersion "1"]
[SourceVersionDate "2017.10.13"]
[SourceQuality "1"]

1. e4 e5 2. Bc4 Nf6 3. d3 Nc6 4. Nc3 d6 5. f4 exf4 6. Bxf4 Be7 7. Nf3 0-0 8. Qe2 Na5 9. Bb3 Nxb3 10. axb3 Be6 11. 0-0 h6 12. h3 a6 13. Nd4 Bd7 14. Rae1 Re8 15. Qd2 Kh7 16. Rf3 Nh5 17. Be3 Bf6 18. Ref1 g5 19. Nd5 Bxd4 20. Bxd4 Be6 21. g4 Bxd5 22. exd5 Nf4 23. Be3 Nxd5 24. Rxf7+ Kg6 25. Bd4 Rg8 26. Qg2 Nf4 27. R7xf4 gxf4 28. Qe4+ Kg5 29. Qf5+ Kh4 30. Bf6+ Kxh3 31. Qh5+ 1-0